ნორმალური ფორმატი
MARC ფორმატი
ჩანაწერი Personal Name
ჩანაწერთა რაოდენობა, რომელიც გამოყენებულია: 1
001 - CONTROL NUMBER
- control field: 22378
003 - CONTROL NUMBER IDENTIFIER
- control field: GE_BSU
005 - DATE AND TIME OF LATEST TRANSACTION
- control field: 20240610124815.0
008 - FIXED-LENGTH DATA ELEMENTS
- fixed length control field: 240610|| aca||aabn | a|a d
040 ## - CATALOGING SOURCE
- Original cataloging agency: GE_BSU
- Transcribing agency: GE_BSU
100 ## - HEADING--PERSONAL NAME
- Personal name: ბარამიძე, რუსლან
670 ## - SOURCE DATA FOUND
- Source citation: Work cat.: (GE_BSU)42523: ბარამიძე, რუსლან, საქართველოს მუსლიმი თემი და სახელმწიფო პოლიტიკა (1991-2012 წლები) = The muslim community of Geoargia and state politics(years 1991-2012) /
